000 03795nam0a2200397 4500
001 RU\NLR\BIBL_A\016222707
005 20221209153918.0
010 _a978-5-907458-62-8
_9300
021 _aRU
_bКН-П-22-074809
_9КН-П-22-6520
035 _a(NLR Aleph) 016222707
035 _a(RuMoRGB)011311972
090 _a12743231
_c12743231
100 _a20221130d2022 u y0rusy50 ca
101 1 _arus
_ceng
_deng
102 _aRU
105 _aa z 000zy
181 0 _ai3
_baxxe
182 0 _an
200 1 _aТерапия принятия и ответственности при РПП
_eруководство по лечению анорексии и булимии, ориентированное на процесс
_fЭмили К. Сандоз, д-р философии, Келли Г. Уилсон, д-р философии, Трой Дюфрен
_gперевод с английского и редакция Е. А. Денисовой
203 _aТекст
_bвизуальный
_cнепосредственный
210 _aМосква
_aСанкт-Петербург
_cДиалектика
_d2022
215 _a361 с.
_cил., табл.
_d24
300 _aЗагл. и авт. ориг.: Acceptance and commitment therapy for eating disorders / Emily K. Sandoz, Kelly G. Wilson, Troy Dufresne
320 _aБиблиогр.: с. 360-361 (22 назв.)
330 _aРано или поздно большинство психотерапевтов в своей клинической практике сталкиваются с клиентами, жалующимися на расстройства пищевого поведения. При этом многие специалисты не уверены, как правильно работать с такой проблемой. Поскольку опасная одержимость худобой, свойственная нашей культуре, вынуждает до последнего скрывать симптомы и проявления РПП, часто люди с этим недугом обращаются за столь необходимой им помощью лишь после того, как серьезно подорвали свое здоровье. В данной книге представлена тщательно проработанная теоретическая концепция и полный практический протокол, призванный помочь психотерапевтам эффективнее работать с ригидностью и перфекционизмом, которые лежат в основе большинства расстройств пищевого поведения. Этот протокол можно взять на вооружение для помощи клиентам с анорексией, булимией, компульсивным перееданием и другими видами РПП
454 0 _12001#$aAcceptance and commitment therapy for eating disorders$fEmily K. Sandoz, Kelly G. Wilson, Troy Dufresne
_1700#1$aSandoz$bE. K.$gEmily K.
_1701#1$aWilson$bK. G.$gKelly G.
_1701#1$aDufresne$bT.$gTroy
_tAcceptance and commitment therapy for eating disorders
_aSandoz, Emily K.
606 1 _aПищевое поведение
_jПопулярные издания
_xНарушение
_xПсихотерапия
_92265343
_3RU\NLR\AUTH\6601587539
675 _a616-056.25
_v4
686 1 _aР64-329я9
700 1 _aСандоз
_bЭ. К.
_gЭмили К.
701 1 _aУилсон
_bК. Г.
_gКелли Г.
701 1 _aДюфрен
_bТ.
_gТрой
942 _cBOOK
980 _aNB